<?xml version="1.0" encoding="UTF-8"?>
<record
    xmlns:xsi="http://www.w3.org/2001/XMLSchema-instance"
    xsi:schemaLocation="http://www.loc.gov/MARC21/slim http://www.loc.gov/standards/marcxml/schema/MARC21slim.xsd"
    xmlns="http://www.loc.gov/MARC21/slim">

  <leader>00895nam a2200229Ia 4500</leader>
  <controlfield tag="003">OSt</controlfield>
  <controlfield tag="005">20250117135100.0</controlfield>
  <controlfield tag="008">210719s2019    xx            000 0 und d</controlfield>
  <datafield tag="040" ind1=" " ind2=" ">
    <subfield code="c">al</subfield>
  </datafield>
  <datafield tag="041" ind1=" " ind2=" ">
    <subfield code="a">Kannada</subfield>
  </datafield>
  <datafield tag="082" ind1=" " ind2=" ">
    <subfield code="a">K894.109 SHAM</subfield>
  </datafield>
  <datafield tag="100" ind1=" " ind2=" ">
    <subfield code="a">SHARMA (Shriram)  &#xCB6;&#xCB0;&#xCCD;&#xCAE;&#xCBE; (&#xCB6;&#xCCD;&#xCB0;&#xCC0;&#xCB0;&#xCBE;&#xCAE;&#xCCD;)</subfield>
    <subfield code="9">193913</subfield>
  </datafield>
  <datafield tag="245" ind1=" " ind2=" ">
    <subfield code="a">Mirja galib: Kattala Santeyali Kanasu Marikonda Santa </subfield>
    <subfield code="b">&#xCAE;&#xCBF;&#xCB0;&#xCCD;&#xC9C;&#xCBE; &#xC97;&#xCBE;&#xCB2;&#xCBF;&#xCAC;&#xCCD; : &#xC95;&#xCA4;&#xCCD;&#xCA4;&#xCB2; &#xCB8;&#xC82;&#xCA4;&#xCC6;&#xCAF;&#xCB2;&#xCCD;&#xCB2;&#xCBF; &#xC95;&#xCA8;&#xCB8;&#xCC1; &#xCAE;&#xCBE;&#xCB0;&#xCBF;&#xC95;&#xCCA;&#xC82;&#xCA1;  &#xCB8;&#xC82;&#xCA4; </subfield>
  </datafield>
  <datafield tag="260" ind1=" " ind2=" ">
    <subfield code="a">Ballari</subfield>
    <subfield code="c">2019</subfield>
  </datafield>
  <datafield tag="300" ind1=" " ind2=" ">
    <subfield code="a">xxvi,252</subfield>
    <subfield code="b">HB</subfield>
  </datafield>
  <datafield tag="365" ind1=" " ind2=" ">
    <subfield code="b">250</subfield>
    <subfield code="c">Rs</subfield>
  </datafield>
  <datafield tag="650" ind1=" " ind2=" ">
    <subfield code="a">Kannada literature</subfield>
    <subfield code="9">193914</subfield>
  </datafield>
  <datafield tag="650" ind1=" " ind2=" ">
    <subfield code="a">Kannada Poetry Criticism</subfield>
    <subfield code="9">193915</subfield>
  </datafield>
  <datafield tag="700" ind1=" " ind2=" ">
    <subfield code="a">Imam saheb Hadagali Tr</subfield>
    <subfield code="9">193916</subfield>
  </datafield>
  <datafield tag="906" ind1=" " ind2=" ">
    <subfield code="a">by ; galib: ; Hadagali ; Imam ; Imamsaheb ; kanasu ; kattala ; marikonda ; Mirja ; saheb ; santa ; santeyali ; Tr</subfield>
  </datafield>
  <datafield tag="942" ind1=" " ind2=" ">
    <subfield code="2">ddc</subfield>
    <subfield code="c">BK</subfield>
  </datafield>
  <datafield tag="999" ind1=" " ind2=" ">
    <subfield code="c">211790</subfield>
    <subfield code="d">211790</subfield>
  </datafield>
  <datafield tag="952" ind1=" " ind2=" ">
    <subfield code="0">0</subfield>
    <subfield code="1">0</subfield>
    <subfield code="4">0</subfield>
    <subfield code="7">0</subfield>
    <subfield code="8">Kannada</subfield>
    <subfield code="a">AL</subfield>
    <subfield code="b">AL</subfield>
    <subfield code="d">2021-02-10</subfield>
    <subfield code="e">General Annual | Navakarnataka Publication Pvt Ltd Mangalore</subfield>
    <subfield code="g">250.00</subfield>
    <subfield code="l">1</subfield>
    <subfield code="o">K894.109 SHAM</subfield>
    <subfield code="p">074604</subfield>
    <subfield code="r">2022-12-03 00:00:00</subfield>
    <subfield code="s">2022-11-19</subfield>
    <subfield code="v">200.00</subfield>
    <subfield code="w">2021-07-19</subfield>
    <subfield code="y">BK</subfield>
  </datafield>
</record>
